Souvenir Silver Jubilee of St. Anthony's Church June 30, 1935 : 1910-1935

Bibliographic Details
Format: Book
Language:English
Slovak
PhysicalDescription:68 nečíslovaných strán fotografie, tabuľky 24 cm
Published: Kenosha [vydavateľ nie je známy] 1935
Subjects:

MARC

LEADER 00000cam a2200000 a 4500
001 vtls001182095
003 SK-MaSNL
005 20260301194628.0
008 250313s1935 xxuol gr 000 0 eng
015 |a SNBA1935 
020 |q (brožované) 
035 |a SNK000125107 
035 |a urn:nbn:sk:snk-am3ifj9 
035 |a urn:nbn:sk:snk-am00e8eb 
035 |a 6540C115-8A2F-44C1-AE18-A7F672B7A609 
040 |a SNK  |b slo  |c SNK  |e AACR2 
041 0 |a eng  |a slo 
043 |a n-xxu 
044 |a xxu  |c US 
080 |a 272-774  |2 2011 
080 |a (=162.4)  |2 2011 
080 |a (082.2)  |2 2011 
080 |a (083.97)  |2 2011 
080 |a (73)  |2 2011 
080 |a 27-4  |2 2011 
245 0 0 |a Souvenir Silver Jubilee of St. Anthony's Church  |b June 30, 1935 : 1910-1935 
246 3 1 |a Pamätník strieborného jubilea Osady Sv. Antona Paduanského 
260 |a Kenosha  |b [vydavateľ nie je známy]  |c 1935  |e Chicago  |f Osadné hlady 
300 |a 68 nečíslovaných strán  |b fotografie, tabuľky  |c 24 cm 
546 |a Súbežný názov a text v slovenčine 
650 0 7 |a katolícke farnosti  |2 SNKPH  |9 3771 
650 0 7 |a Slováci v zahraničí  |2 SNKPH  |9 14695 
650 0 7 |a cirkevný život  |2 SNKPH  |9 75120 
651 7 |a Osada Sv. Antona Paduanského (Kenosha, Wis.)  |2 SNKPHgeo  |9 575500 
655 7 |a jubilejné publikácie  |2 SNKPH  |9 70339 
655 7 |a programy  |2 SNKPH  |9 70598 
852 |a Slovenská národná knižnica 
958 |a NT 
958 |a ONDV 
999 |c 882521  |d 884451 
952 |a SNK  |b SNK  |y PREZ  |7 0  |p 17A0845577  |o snkSC 14290  |i snkF 1897/95  |8 5  |0 0  |1 0  |4 0  |d 2020-03-18  |f 1  |l 0  |r 2025-07-16 00:00:00  |w 2026-02-24